Natural Preservatives for Food /

Natural Preservatives for Food helps to identify various natural preservatives for applications in the food industry, including different areas like meat, fish, dairy, cereals, etc. The book's chapters deal with different sources of natural preservatives such as plant, microbial and animal base...

Full description

Bibliographic Details
Corporate Author: ScienceDirect (Online service)
Other Authors: Shah, Manzoor Ahmad, Mir, Shabir Ahmad
Format: eBook
Language:English
Published: [S.l.] : ELSEVIER ACADEMIC PRESS, 2023.
Subjects:
Online Access:Connect to the full text of this electronic book

MARC

Tag First Indicator Second Indicator Subfields
LEADER 00000cam a2200000 4500
001 in00005774091
005 20260327180729.0
006 m o d
007 cr |n|||||||||
008 241201s2023 xx o 0|| 0 eng d
040 |a YDX  |b eng  |c YDX  |d N$T  |d OPELS  |d OCLCO  |d OCLCQ  |d OCLCL  |d OCLCQ 
020 |a 9780323956154  |q (electronic bk.) 
020 |a 0323956157  |q (electronic bk.) 
020 |z 0323956149 
020 |z 9780323956147 
035 |a (OCoLC)1472919608 
050 4 |a TP371.2 
082 0 4 |a 664/.028  |2 23/eng/20241224 
049 |a TXAM 
245 0 0 |a Natural Preservatives for Food /  |c edited by Manzoor Ahmad Shah, 
260 |a [S.l.] :  |b ELSEVIER ACADEMIC PRESS,  |c 2023. 
300 |a 1 online resource 
336 |a text  |b txt  |2 rdacontent 
337 |a computer  |b c  |2 rdamedia 
338 |a online resource  |b cr  |2 rdacarrier 
520 |a Natural Preservatives for Food helps to identify various natural preservatives for applications in the food industry, including different areas like meat, fish, dairy, cereals, etc. The book's chapters deal with different sources of natural preservatives such as plant, microbial and animal based, while also covering chemistry, encapsulation and delivery, and the safety and regulatory status of natural preservatives. This book act as a comprehensive resource for food scientists, researchers and scholars, but is ideal for personnel working in various food industries. 
650 0 |a Food preservatives. 
650 6 |a Aliments  |x Conservateurs. 
655 7 |a Electronic books.  |2 local 
700 1 |a Shah, Manzoor Ahmad  |1 https://id.oclc.org/worldcat/entity/E39PCjH4rqdvw63xX4bK4DH7pd 
700 1 |a Mir, Shabir Ahmad  |1 https://id.oclc.org/worldcat/entity/E39PCjwQV3kw9VypkvhGYkbHfm 
710 2 |a ScienceDirect (Online service) 
776 0 8 |i Print version:  |z 0323956149  |z 9780323956147  |w (OCoLC)1360312762 
856 4 0 |u http://proxy.library.tamu.edu/login?url=https://www.sciencedirect.com/science/book/9780323956147  |z Connect to the full text of this electronic book  |t 0 
936 |a BATCHLOAD 
955 |a Elsevier ScienceDirect 2026-2027 
994 |a 92  |b TXA 
999 f f |i ca7a1dd8-04a0-4d46-8dde-332941b26158  |s 7a919965-a76c-4cfa-8ae2-757af832f90a  |t 0 
952 f f |a Texas A&M University  |b College Station  |c Electronic Resources  |s www_evans  |d Available Online  |t 0  |e TP371.2   |h Library of Congress classification 
998 f f |a TP371.2   |t 0  |l Available Online